One Language for Each Language Family - Statistics

General Stats
  • This quiz has been taken 61 times
  • The average score is 12 of 13
Answer Stats
Hint Answer % Correct
Germanic English | German | Dutch | Afrikaans | Swedish
100%
Slavic Russian | Polish | Ukrainian | Serbo-Croatian | Czech
100%
Romance Spanish | Portuguese | French | Italian | Romanian
100%
Turkic Turkish | Uzbek | Azerbaijani | Uyghur | Kazakh
98%
Celtic Irish | Welsh | Scottish | Breton | Cornish
96%
Indo-Aryan Hindi | Urdu | Bengali | Punjabi | Marathi
93%
Sino-Tibetan Mandarin | Wu | Cantonese | Min | Burmese
89%
Afroasiatic Arabic | Hausa | Oromo | Amharic | Somali
86%
Uralic Hungarian | Finnish | Estonian | Mari | Mordvinic
86%
Austronesian Malay | Javanese | Indonesian | Sundanese | Tagalog
84%
Atlantic–Congo Swahili | Yoruba | Fula | Wolof | Kikongo/Kituba
80%
Dravidian Telugu | Tamil | Kannada | Malayalam | Gondi
73%
Kra–Dai Zhuang | Thai | Lao | Shan | Isan
68%
No matching quizzes found
Score Distribution
Percent of People with Each Score
Percentile by Number Answered
Your Score History
You have not taken this quiz